Statystyki dla Odgadnij flagę po fragmencie

Kliknij tutaj aby rozwiązać quiz!

Ogólne statystyki

  • Ten quiz został rozwiązany 43 razy
  • Średni wynik to 8 z 16

Statystyki odpowiedzi

Odpowiedź% Poprawnych
Białoruś
89%
Niger
76%
Erytrea
66%
Mikronezja
66%
Stany Zjednoczone
66%
Botswana
63%
Eswatini
61%
Tanzania
58%
Bahamy
55%
Antigua i Barbuda
53%
Republika Zielonego Przylądka
47%
Tuvalu
47%
Grenada
37%
Samoa
34%
Komory
11%
Surinam
8%

Rozkład punktacji

Percentyl według liczby udzielonych odpowiedzi

Procent ludzi z każdym wynikiem

Twoja historia wyników

Nie rozwiązałeś tego quizu